000 00287 a2200121 4500
000 nam a22 7a 4500
005 20260302154244.0
100 _aKeller, E. A.
_91123503
245 _aIntroduction to Environmental Geology
250 _a5
260 _bPearson
_c2017
942 _cTEXL
999 _c1688414
_d1688414